[Event "Izhevsk Corporation Cup 5th"]
[Site "Izhevsk"]
[Date "2013.07.18"]
[Round "7"]
[White "Lepkasov, Vladislav"]
[Black "Babikov, Ivan"]
[Result "1-0"]
[WhiteElo "2153"]
[BlackElo "2322"]
[PlyCount "59"]
[EventDate "2013.07.11"]
[EventType "swiss"]
[EventRounds "9"]
[EventCountry "RUS"]
[SourceTitle "EXT 2014"]
[Source "ChessBase"]
[SourceDate "2013.11.20"]
[SourceVersion "1"]
[SourceVersionDate "2013.11.20"]
[SourceQuality "1"]

1. e4 e5 2. Nf3 Nc6 3. Bb5 a6 4. Ba4 Nf6 5. d3 b5 6. Bb3 Bc5 7. 0-0 0-0 8. Re1 d6 9. c3 Bg4 10. Nbd2 Kh8 11. h3 Be6 12. Nf1 Nh5 13. Bc2 Bb6 14. a4 Qf6 15. d4 Bd7 16. Nxe5 dxe5 17. Qxh5 exd4 18. e5 g6 19. exf6 gxh5 20. Ng3 dxc3 21. bxc3 Rg8 22. Nxh5 Bxh3 23. Be4 Bd7 24. Bh6 Rge8 25. Ng7 bxa4 26. Rad1 Rxe4 27. Rxe4 Be6 28. Nxe6 fxe6 29. Rxe6 Ne5 30. f7 1-0

[Event "Izhevsk Corporation Cup 5th"]
[Site "Izhevsk"]
[Date "2013.07.14"]
[Round "3"]
[White "Lepkasov, Vladislav"]
[Black "Rodchenkov, Vitaly"]
[Result "1/2-1/2"]
[WhiteElo "2153"]
[BlackElo "2370"]
[PlyCount "120"]
[EventDate "2013.07.11"]
[EventType "swiss"]
[EventRounds "9"]
[EventCountry "RUS"]
[SourceTitle "EXT 2014"]
[Source "ChessBase"]
[SourceDate "2013.11.20"]
[SourceVersion "1"]
[SourceVersionDate "2013.11.20"]
[SourceQuality "1"]

1. e4 Nc6 2. Nf3 e5 3. Bb5 Nf6 4. d3 d6 5. c3 g6 6. 0-0 Bg7 7. Nbd2 0-0 8. Re1 Bd7 9. Nf1 a6 10. Ba4 Re8 11. Bg5 h6 12. Bd2 d5 13. h3 b5 14. Bc2 Be6 15. Ng3 dxe4 16. dxe4 Qe7 17. a4 Nd7 18. Qc1 Qf8 19. h4 Na5 20. Qd1 Nc4 21. Bc1 Nc5 22. b3 Rad8 23. Qe2 Nd6 24. axb5 axb5 25. Nd2 Qe7 26. h5 Qd7 27. Ba3 Ndb7 28. Rad1 Qc6 29. Rb1 Ra8 30. Ra1 Bd7 31. Bb2 Ne6 32. hxg6 fxg6 33. b4 Nd4 34. cxd4 Qxc2 35. Nf3 Qxe2 36. Rxe2 Rxa1+ 37. Bxa1 exd4 38. Bxd4 Bxd4 39. Nxd4 c5 40. bxc5 Nxc5 41. Rb2 Rb8 42. Nc2 Be6 43. Nb4 Bc4 44. Rd2 Ra8 45. Rd6 Ra1+ 46. Kh2 Kf7 47. f4 Re1 48. f5 Nxe4 49. Rxg6 Nf6 50. Kh3 h5 51. Kh4 Rg1 52. Kg5 Nd5 53. Nxd5 Bxd5 54. Rd6 Bxg2 55. Kxh5 Bf3+ 56. Kh4 b4 57. Rb6 Rb1 58. Kg5 b3 59. Kf4 Ba8 60. Ne4 Rf1+ 1/2-1/2

[Event "Izhevsk Corporation Cup-A 4th"]
[Site "Izhevsk"]
[Date "2012.07.17"]
[Round "3"]
[White "Lepkasov, Vladislav"]
[Black "Kontsevik, Georgy"]
[Result "1-0"]
[WhiteElo "2191"]
[BlackElo "1915"]
[PlyCount "87"]
[EventDate "2012.07.15"]
[EventType "swiss"]
[EventRounds "9"]
[EventCountry "RUS"]
[SourceTitle "EXT 2013"]
[Source "ChessBase"]
[SourceDate "2012.11.22"]
[SourceVersion "1"]
[SourceVersionDate "2012.11.22"]
[SourceQuality "1"]

1. e4 e6 2. d4 d5 3. Nd2 c5 4. exd5 exd5 5. Ngf3 Nc6 6. Bb5 Bd6 7. 0-0 Nge7 8. dxc5 Bxc5 9. Nb3 Bb6 10. c3 0-0 11. Nbd4 Bg4 12. Qd3 Qd6 13. Bxc6 bxc6 14. Bg5 Ng6 15. Rfe1 f6 16. Bd2 Ne5 17. Nxe5 fxe5 18. Qg3 Qf6 19. Rxe5 Bc7 20. f4 Bxe5 21. fxe5 Qg6 22. Re1 Rac8 23. e6 Bf5 24. e7 Rfe8 25. Nxf5 Qxf5 26. Bf4 Qg6 27. Qh3 Qf7 28. Bd6 Qg6 29. Qd7 h6 30. b4 a6 31. Rf1 Kh7 32. h3 Qe4 33. Bc5 Qe5 34. Rf3 Qe1+ 35. Kh2 Qe5+ 36. Rg3 h5 37. Bd4 Rxe7 38. Qxc8 Qf4 39. h4 Rf7 40. Qe6 Qxh4+ 41. Qh3 Qf4 42. Qxh5+ Kg8 43. Be5 Qf2 44. Rh3 1-0

[Event "Izhevsk Corporation Cup-A 4th"]
[Site "Izhevsk"]
[Date "2012.07.15"]
[Round "1"]
[White "Lepkasov, Vladislav"]
[Black "Fedorov, Alexei"]
[Result "0-1"]
[WhiteElo "2191"]
[BlackElo "2562"]
[PlyCount "80"]
[EventDate "2012.07.15"]
[EventType "swiss"]
[EventRounds "9"]
[EventCountry "RUS"]
[SourceTitle "EXT 2013"]
[Source "ChessBase"]
[SourceDate "2012.11.22"]
[SourceVersion "1"]
[SourceVersionDate "2012.11.22"]
[SourceQuality "1"]

1. e4 c5 2. Nf3 e6 3. d4 cxd4 4. Nxd4 a6 5. Nc3 b5 6. Bd3 Bb7 7. 0-0 Bc5 8. Nb3 Be7 9. Be3 d6 10. a3 Nf6 11. f4 Nbd7 12. Qe2 0-0 13. Rae1 Rc8 14. Bd2 e5 15. f5 h6 16. Rf3 Nb6 17. Rg3 Kh8 18. Rh3 Nh7 19. Rd1 Bg5 20. Bxg5 Nxg5 21. Rg3 Qe7 22. Nd2 Rxc3 23. bxc3 Na4 24. Qg4 Nxc3 25. Rf1 Qf6 26. h4 Nh7 27. Qh3 Rc8 28. Rgf3 h5 29. Re1 Qh6 30. Nf1 Nf6 31. Rfe3 Ng4 32. Rg3 d5 33. exd5 Qb6+ 34. Ne3 e4 35. Be2 Nxe3 36. Kh1 Ncxd5 37. Rg5 Nf4 38. Qg3 Nexg2 39. Rd1 e3 40. Bf3 e2 0-1

[Event "Izhevsk Udmurtia-ch"]
[Site "Izhevsk"]
[Date "2011.12.09"]
[Round "9"]
[White "Ozolin, Maxim"]
[Black "Lepkasov, Vladislav"]
[Result "1-0"]
[WhiteElo "2373"]
[BlackElo "2163"]
[PlyCount "95"]
[EventDate "2011.12.02"]
[EventType "swiss"]
[EventRounds "11"]
[EventCountry "RUS"]
[SourceTitle "CBM 146 Extra"]
[Source "ChessBase"]
[SourceDate "2012.02.29"]
[SourceVersion "1"]
[SourceVersionDate "2012.02.29"]
[SourceQuality "1"]

1. e4 c5 2. Nf3 d6 3. d4 cxd4 4. Nxd4 Nf6 5. Nc3 a6 6. Bc4 e6 7. Qe2 Be7 8. Be3 b5 9. Bb3 b4 10. Na4 Nxe4 11. Nxe6 Bxe6 12. Bb6 Qd7 13. Qxe4 d5 14. Qd3 Nc6 15. 0-0-0 0-0 16. Bxd5 Ne5 17. Qb3 Bxd5 18. Rxd5 Qe6 19. Kb1 Ng4 20. Rdd1 Qc6 21. f3 Ne5 22. Rhe1 Bd6 23. Qd5 Qxd5 24. Rxd5 Nc4 25. b3 Na3+ 26. Kb2 Bxh2 27. Bc5 Rfe8 28. Bxb4 Nb5 29. c4 Nc7 30. Rxe8+ Rxe8 31. Rd7 h5 32. Nc5 Bf4 33. Ne4 f5 34. Bd6 fxe4 35. Bxf4 exf3 36. gxf3 Re2+ 37. Rd2 Rxd2+ 38. Bxd2 Ne6 39. Kc3 h4 40. Be1 h3 41. Bg3 Ng5 42. b4 Kf7 43. b5 axb5 44. cxb5 h2 45. Bxh2 Nxf3 46. Bg3 Ng5 47. b6 Ne4+ 48. Kb4 1-0

[Event "Izhevsk Corporation Cup-A 3rd"]
[Site "Izhevsk"]
[Date "2011.07.16"]
[Round "2"]
[White "Klepikov, Nikita"]
[Black "Lepkasov, Vladislav"]
[Result "0-1"]
[WhiteElo "1985"]
[BlackElo "2173"]
[PlyCount "114"]
[EventDate "2011.07.15"]
[EventType "swiss"]
[EventRounds "9"]
[EventCountry "RUS"]
[SourceTitle "CBM 143 Extra"]
[Source "ChessBase"]
[SourceDate "2011.08.29"]
[SourceVersion "1"]
[SourceVersionDate "2011.08.29"]
[SourceQuality "1"]

1. e4 c5 2. Nf3 d6 3. d4 cxd4 4. Nxd4 Nf6 5. Nc3 Nc6 6. Bg5 e6 7. Qd2 a6 8. 0-0-0 Bd7 9. f4 Qa5 10. Kb1 Be7 11. Be2 Rc8 12. Rhe1 Nxd4 13. Qxd4 e5 14. Qd2 Be6 15. Bxf6 gxf6 16. f5 Bc4 17. Bxc4 Rxc4 18. Nd5 Qxd2 19. Rxd2 h5 20. b3 Rc6 21. Re3 Rg8 22. c4 Bd8 23. Ree2 a5 24. Rc2 h4 25. Kb2 Kf8 26. Ka3 Rg4 27. Ka4 Kg7 28. a3 Ra6 29. Kb5 Kf8 30. c5 dxc5 31. Rxc5 Rd6 32. Kc4 Ke8 33. Kd3 Rc6 34. Rcc2 Be7 35. a4 Kd7 36. Ke3 Bd8 37. Red2 Kc8 38. Kf3 Rg8 39. Rc3 Rxc3+ 40. Nxc3 Kc7 41. Nb5+ Kb6 42. Nd6 Be7 43. Nc4+ Kc7 44. Nxa5 Bb4 45. Rc2+ Kb8 46. Nc4 Rd8 47. Re2 Rd3+ 48. Re3 Rd7 49. Kg4 Bc5 50. Re2 Bg1 51. h3 Rd3 52. Kxh4 Rxb3 53. a5 Kc7 54. Kh5 Rc3 55. Nb6 Bxb6 56. axb6+ Kxb6 57. g4 Rxh3# 0-1

[Event "Satka Gubernators Cup Juniors"]
[Site "Satka"]
[Date "2010.08.18"]
[Round "5"]
[White "Lepkasov, Vladislav"]
[Black "Mirasov, Ravil"]
[Result "1-0"]
[WhiteElo "2090"]
[BlackElo "2039"]
[PlyCount "91"]
[EventDate "2010.08.16"]
[EventType "swiss"]
[EventRounds "9"]
[EventCountry "RUS"]
[SourceTitle "EXT 2022"]
[Source "ChessBase"]
[SourceDate "2021.10.06"]
[SourceVersion "1"]
[SourceVersionDate "2021.10.06"]
[SourceQuality "1"]

1. e4 e5 2. Nf3 Nc6 3. Bb5 a6 4. Ba4 Nf6 5. 0-0 Nxe4 6. d4 b5 7. Bb3 d5 8. dxe5 Be6 9. c3 Be7 10. Re1 0-0 11. Nd4 Nxd4 12. cxd4 h6 13. f3 Ng5 14. f4 Ne4 15. Nd2 Bb4 16. a3 Ba5 17. Bc2 Bf5 18. Nxe4 dxe4 19. Bxe4 Bxe1 20. Bxa8 Qxa8 21. Qxe1 Rd8 22. Be3 Qe4 23. Rc1 Be6 24. Qf2 c6 25. h3 Rc8 26. Rf1 Bc4 27. Re1 Be6 28. Bd2 Qc2 29. Bb4 Qxf2+ 30. Kxf2 h5 31. Kg3 g6 32. Kh4 Kh7 33. Kg5 Kg7 34. Be7 Rc7 35. Bf6+ Kf8 36. g4 Rd7 37. f5 gxf5 38. gxf5 Bc4 39. Re4 Bd3 40. Rf4 Be2 41. Kh6 Ke8 42. Rf2 Bd1 43. Rg2 Ra7 44. e6 fxe6 45. fxe6 Kf8 46. Be5 1-0

[Event "Izhevsk op-A"]
[Site "Izhevsk"]
[Date "2010.07.19"]
[Round "5"]
[White "Severiukhina, Zoja"]
[Black "Lepkasov, Vladislav"]
[Result "1-0"]
[WhiteElo "2341"]
[BlackElo "2090"]
[PlyCount "65"]
[EventDate "2010.07.15"]
[EventType "swiss"]
[EventRounds "9"]
[EventCountry "RUS"]
[SourceTitle "CBM 137 Extra"]
[Source "ChessBase"]
[SourceDate "2010.09.01"]
[SourceVersion "1"]
[SourceVersionDate "2010.09.01"]
[SourceQuality "1"]

1. e4 c5 2. Nf3 d6 3. d4 cxd4 4. Nxd4 Nf6 5. Nc3 a6 6. Bg5 e6 7. f4 Be7 8. Qf3 Qc7 9. 0-0-0 Nbd7 10. g4 b5 11. Bxf6 Nxf6 12. g5 Nd7 13. f5 Bxg5+ 14. Kb1 Ne5 15. Qh5 Qe7 16. Nxe6 Bxe6 17. fxe6 g6 18. exf7+ Nxf7 19. Qf3 0-0 20. Nd5 Qe5 21. h4 Bd8 22. h5 gxh5 23. Rxh5 Ng5 24. Qe3 Rf7 25. Bh3 Raa7 26. Bf5 Rg7 27. Rg1 Kh8 28. a3 Ne6 29. Rgh1 Ng5 30. Bxh7 Rxh7 31. Qxa7 Qxe4 32. Qd7 Qxd5 33. Qxd8+ 1-0

[Event "Izhevsk op-A"]
[Site "Izhevsk"]
[Date "2010.07.17"]
[Round "3"]
[White "Shaposhnikov, Evgeny"]
[Black "Lepkasov, Vladislav"]
[Result "1-0"]
[WhiteElo "2543"]
[BlackElo "2090"]
[PlyCount "76"]
[EventDate "2010.07.15"]
[EventType "swiss"]
[EventRounds "9"]
[EventCountry "RUS"]
[SourceTitle "CBM 137 Extra"]
[Source "ChessBase"]
[SourceDate "2010.09.01"]
[SourceVersion "1"]
[SourceVersionDate "2010.09.01"]
[SourceQuality "1"]

1. e4 c5 2. Nf3 d6 3. c3 Nf6 4. h3 g6 5. Bd3 Bg7 6. Bc2 0-0 7. 0-0 e5 8. d4 cxd4 9. cxd4 Nc6 10. d5 Nb4 11. Bb3 a5 12. Nc3 Bd7 13. Be3 b5 14. a4 Qb8 15. Nd2 Rc8 16. axb5 Bxb5 17. Nxb5 Qxb5 18. Ba4 Qa6 19. Qb1 Nh5 20. f3 Kh8 21. Ra3 f5 22. exf5 Nxd5 23. fxg6 h6 24. Qd1 Nhf6 25. Ne4 Nxe3 26. Rxe3 Nxe4 27. Rxe4 Rc4 28. Qd5 Rc5 29. Qd2 d5 30. Rxe5 Rd8 31. Rfe1 Qxg6 32. Re6 Qf5 33. Rxh6+ Kg8 34. Rh4 Rb8 35. Rg4 Qf6 36. Qe3 Rc7 37. Bb3 Rd7 38. Qd3 Rf7 1-0

[Event "Izhevsk op-A"]
[Site "Izhevsk"]
[Date "2010.07.16"]
[Round "2"]
[White "Lepkasov, Vladislav"]
[Black "Balashov, Yuri S"]
[Result "1/2-1/2"]
[WhiteElo "2090"]
[BlackElo "2400"]
[PlyCount "130"]
[EventDate "2010.07.15"]
[EventType "swiss"]
[EventRounds "9"]
[EventCountry "RUS"]
[SourceTitle "CBM 137 Extra"]
[Source "ChessBase"]
[SourceDate "2010.09.01"]
[SourceVersion "1"]
[SourceVersionDate "2010.09.01"]
[SourceQuality "1"]

1. e4 e5 2. Nf3 Nc6 3. Bb5 a6 4. Ba4 Nf6 5. 0-0 Be7 6. Re1 b5 7. Bb3 d6 8. c3 0-0 9. h3 Na5 10. Bc2 c5 11. d4 Qc7 12. d5 c4 13. Nbd2 Nb7 14. Nf1 Nc5 15. b4 cxb3 16. axb3 Bd7 17. Ng3 Rfc8 18. Bd2 a5 19. Nh2 Qb6 20. Re3 g6 21. Rf3 Qd8 22. Bh6 Kh8 23. Qd2 Be8 24. Ng4 Nxg4 25. hxg4 a4 26. b4 Nd7 27. Nf1 Nf6 28. Ne3 Ng8 29. Nd1 Bf6 30. Be3 Qe7 31. Rh3 Bg7 32. Bd3 Bd7 33. Qe2 Rab8 34. f3 f6 35. Rh1 Bf8 36. Bd2 Qf7 37. Ne3 Bh6 38. Nc2 Bxd2 39. Qxd2 Be8 40. Na3 Qa7+ 41. Kf1 Rc7 42. Rc1 Kg7 43. Ke2 Kf8 44. Kd1 Rf7 45. Qe2 Qb7 46. Kc2 f5 47. gxf5 gxf5 48. g4 fxg4 49. fxg4 Ne7 50. Rcf1 Ng6 51. Rxf7+ Qxf7 52. Bxb5 Bxb5 53. Nxb5 Nf4 54. Qc4 Qd7 55. Na3 Rc8 56. Qa6 Qxg4 57. Rd1 Rxc3+ 58. Kxc3 Qxd1 59. Qc8+ Kf7 60. Qd7+ Kf8 61. Qf5+ Kg8 62. Qc8+ Kf7 63. Qc7+ Kf8 64. Qc8+ Kf7 65. Qc7+ Kf8 1/2-1/2

[Event "Izhevsk-ch"]
[Site "Izhevsk"]
[Date "2010.02.20"]
[Round "6"]
[White "Lepkasov, Vladislav"]
[Black "Fedoseev, Vladimir"]
[Result "1-0"]
[WhiteElo "2052"]
[BlackElo "2186"]
[PlyCount "88"]
[EventDate "2010.02.12"]
[EventType "swiss"]
[EventRounds "9"]
[EventCountry "RUS"]
[SourceTitle "EXT 2012"]
[Source "ChessBase"]
[SourceDate "2011.11.24"]
[SourceVersion "1"]
[SourceVersionDate "2011.11.24"]
[SourceQuality "1"]

1. e4 e5 2. Nf3 Nc6 3. Bb5 f5 4. Nc3 Nf6 5. d3 Bc5 6. 0-0 0-0 7. Qe2 d6 8. Be3 fxe4 9. dxe4 Bxe3 10. fxe3 Kh8 11. Rad1 Qe7 12. Nd5 Nxd5 13. exd5 Nb4 14. Qc4 a5 15. c3 Na6 16. Nh4 Bd7 17. Bxa6 bxa6 18. Qxc7 g6 19. Nf3 a4 20. Nd2 Rfc8 21. Qb7 Rab8 22. Qa7 Rxb2 23. Rf2 Rcb8 24. Qc7 R2b7 25. Qc4 Rb2 26. Ne4 Bb5 27. Rxb2 Bxc4 28. Rxb8+ Kg7 29. Rb6 Qa7 30. Rdb1 Bb5 31. Rxd6 Qxe3+ 32. Nf2 Qxc3 33. Re6 a3 34. d6 Qb2 35. Re7+ Kh6 36. Re1 Qxa2 37. Ng4+ Kh5 38. h3 g5 39. R1xe5 Qb1+ 40. Kh2 a2 41. R5e6 Qg6 42. Nf6+ Kh6 43. Ng8+ Kh5 44. g4+ Kh4 1-0

[Event "Izhevsk-ch"]
[Site "Izhevsk"]
[Date "2010.02.15"]
[Round "3"]
[White "Akimenko, Vitaliy"]
[Black "Lepkasov, Vladislav"]
[Result "0-1"]
[WhiteElo "2098"]
[BlackElo "2052"]
[PlyCount "58"]
[EventDate "2010.02.12"]
[EventType "swiss"]
[EventRounds "9"]
[EventCountry "RUS"]
[SourceTitle "EXT 2012"]
[Source "ChessBase"]
[SourceDate "2011.11.24"]
[SourceVersion "1"]
[SourceVersionDate "2011.11.24"]
[SourceQuality "1"]

1. d4 Nf6 2. Nf3 g6 3. Bf4 Bg7 4. Nbd2 d6 5. h3 Nbd7 6. e3 0-0 7. Be2 Re8 8. c3 e5 9. Bg3 e4 10. Ng1 Nf8 11. h4 Bf5 12. Nh3 Ne6 13. Nf4 c6 14. Nxe6 Rxe6 15. Bf4 h5 16. Bg5 Qd7 17. Bxf6 Rxf6 18. Qc2 d5 19. 0-0-0 b5 20. Rdg1 a5 21. Qd1 b4 22. c4 c5 23. Nb3 cxd4 24. Nxd4 dxc4 25. g4 Bxg4 26. Bxg4 hxg4 27. Qxg4 Qa4 28. Qxe4 Re8 29. Qc6 Rxc6 0-1

[Event "Udmurtia-ch"]
[Site "Izhevsk"]
[Date "2009.12.20"]
[Round "11"]
[White "Lepkasov, Vladislav"]
[Black "Novoselov, Alexander"]
[Result "1-0"]
[WhiteElo "2037"]
[BlackElo "2046"]
[PlyCount "75"]
[EventDate "2009.11.12"]
[EventType "tourn"]
[EventRounds "11"]
[EventCountry "RUS"]
[SourceTitle "EXT 2011"]
[Source "ChessBase"]
[SourceDate "2010.11.26"]
[SourceVersion "1"]
[SourceVersionDate "2010.11.26"]
[SourceQuality "1"]

1. e4 c5 2. Nf3 d6 3. d4 cxd4 4. Nxd4 Nf6 5. Nc3 a6 6. Be3 e5 7. Nb3 Be7 8. Qd2 Be6 9. f4 Qc7 10. 0-0-0 b5 11. f5 Bc4 12. g4 Nc6 13. g5 Ng4 14. Kb1 Nb4 15. a3 Nc6 16. Rg1 Nxe3 17. Qxe3 Qb7 18. Nd2 Na5 19. Bxc4 bxc4 20. Nd5 Bd8 21. Qc3 Rb8 22. Rg4 Qb5 23. Rh4 Rb7 24. f6 g6 25. Rh6 Bb6 26. Qh3 Bd8 27. Nb4 Nc6 28. Rxh7 Rxh7 29. Qxh7 a5 30. Qg8+ Kd7 31. Qxf7+ Kc8 32. Qe6+ Kc7 33. Nxc4 axb4 34. Nxd6 Qa6 35. Qc8+ Kb6 36. Qxb7+ Qxb7 37. Nxb7 Kxb7 38. f7 1-0

[Event "Udmurtia-ch"]
[Site "Izhevsk"]
[Date "2009.12.15"]
[Round "6"]
[White "Shuklin, Nikolay"]
[Black "Lepkasov, Vladislav"]
[Result "1-0"]
[WhiteElo "2118"]
[BlackElo "2037"]
[PlyCount "131"]
[EventDate "2009.11.12"]
[EventType "tourn"]
[EventRounds "11"]
[EventCountry "RUS"]
[SourceTitle "EXT 2011"]
[Source "ChessBase"]
[SourceDate "2010.11.26"]
[SourceVersion "1"]
[SourceVersionDate "2010.11.26"]
[SourceQuality "1"]

1. Nf3 Nf6 2. g3 b5 3. Bg2 Bb7 4. d3 e6 5. e4 d6 6. 0-0 c5 7. Re1 Nc6 8. c3 Be7 9. h3 Qc7 10. Bf4 e5 11. Bg5 0-0 12. Nbd2 a6 13. Nf1 Nd7 14. Bxe7 Nxe7 15. Ne3 f5 16. Ng5 Rf6 17. exf5 Bxg2 18. Kxg2 Nxf5 19. Ne4 Nxe3+ 20. Rxe3 Rg6 21. Qb3+ c4 22. dxc4 bxc4 23. Qd1 Qb7 24. Kg1 d5 25. Nd2 Qxb2 26. Nxc4 Qb5 27. Nxe5 Rd6 28. Rb1 Qa5 29. Nxd7 Rxd7 30. Qb3 h6 31. Rd1 Rf8 32. Rd2 Kh8 33. Qb4 Qd8 34. Qd4 Qb8 35. Kg2 Qb1 36. Re5 Qa1 37. c4 Qxd4 38. Rxd4 Rdf7 39. Re2 dxc4 40. Rxc4 Rf3 41. a4 R8f6 42. Rb2 Ra3 43. h4 Kh7 44. Re2 Rf5 45. Re3 Ra2 46. Rf3 Rxf3 47. Kxf3 Kg8 48. h5 Kf7 49. Ke3 Ke7 50. f3 Ra3+ 51. Ke4 Kd6 52. g4 a5 53. f4 Ke6 54. g5 hxg5 55. fxg5 Rh3 56. Rc6+ Kd7 57. Ra6 Rxh5 58. Kf5 Rh4 59. Rxa5 Kc6 60. Kg6 Kb6 61. Rf5 Rxa4 62. Kxg7 Kc6 63. g6 Kd6 64. Kf6 Re4 65. g7 Re6+ 66. Kg5 1-0

[Event "Udmurtia-ch"]
[Site "Izhevsk"]
[Date "2009.12.11"]
[Round "1"]
[White "Nelyubin, Grigory"]
[Black "Lepkasov, Vladislav"]
[Result "1-0"]
[WhiteElo "2004"]
[BlackElo "2037"]
[PlyCount "59"]
[EventDate "2009.11.12"]
[EventType "tourn"]
[EventRounds "11"]
[EventCountry "RUS"]
[SourceTitle "EXT 2011"]
[Source "ChessBase"]
[SourceDate "2010.11.26"]
[SourceVersion "1"]
[SourceVersionDate "2010.11.26"]
[SourceQuality "1"]

1. d4 Nf6 2. c4 e5 3. dxe5 Ng4 4. e4 Nxe5 5. f4 Bc5 6. Nc3 Nec6 7. Nf3 d6 8. a3 Bg4 9. Be2 a5 10. Qd3 Na6 11. Nd5 0-0 12. Be3 Qb8 13. 0-0 Qa7 14. Kh1 Rae8 15. Bd2 f5 16. Ng5 h6 17. Bxg4 fxg4 18. e5 hxg5 19. Nf6+ Rxf6 20. exf6 Rf8 21. Bc3 Bd4 22. fxg5 Bxc3 23. Qd5+ Kh8 24. bxc3 gxf6 25. Rxf6 Rxf6 26. gxf6 Ne5 27. f7 Qf2 28. Qxb7 Nc5 29. Qc8+ Kg7 30. Qg8+ 1-0

[Event "RUS-chT Regions"]
[Site "Tula"]
[Date "2009.11.??"]
[Round "5"]
[White "Lepkasov, Vladislav"]
[Black "Uljanin, Sergey"]
[Result "1-0"]
[WhiteElo "2037"]
[BlackElo "2232"]
[PlyCount "79"]
[EventDate "2009.11.??"]
[EventType "team-tourn"]
[EventRounds "9"]
[EventCountry "RUS"]
[SourceTitle "EXT 2011"]
[Source "ChessBase"]
[SourceDate "2010.11.26"]
[SourceVersion "1"]
[SourceVersionDate "2010.11.26"]
[SourceQuality "1"]

1. e4 c5 2. Nf3 Nc6 3. d4 cxd4 4. Nxd4 g6 5. c4 Bg7 6. Be3 Nf6 7. Nc3 Ng4 8. Qxg4 Nxd4 9. Qd1 e5 10. Nb5 0-0 11. Qd2 Nxb5 12. cxb5 f5 13. Bg5 Qe8 14. Bc4+ Kh8 15. Qd6 fxe4 16. 0-0 Rf5 17. Be7 Bf8 18. Bf6+ Bg7 19. Be7 Bf8 20. Bf6+ Bg7 21. Bxg7+ Kxg7 22. Rae1 Rf6 23. Qc7 Kh8 24. Rxe4 d6 25. f4 Qf8 26. fxe5 Rxf1+ 27. Bxf1 Bf5 28. Re1 Re8 29. Qxb7 dxe5 30. Qxa7 Qb4 31. Rxe5 Rd8 32. Qe7 Qd4+ 33. Re3 Ra8 34. b6 Qxb2 35. Qe5+ Qxe5 36. Rxe5 Kg7 37. a4 Kf6 38. Rb5 Be4 39. a5 Bb7 40. g3 1-0

[Event "RUS-chT Clubs U18"]
[Site "Rybinsk"]
[Date "2009.08.05"]
[Round "4"]
[White "Lepkasov, Vladislav"]
[Black "Omariev, Maksim"]
[Result "1-0"]
[WhiteElo "2037"]
[BlackElo "2243"]
[PlyCount "63"]
[EventDate "2009.08.02"]
[EventType "team-swiss"]
[EventRounds "9"]
[EventCountry "RUS"]
[SourceTitle "CBM 131 Extra"]
[Source "ChessBase"]
[SourceDate "2009.09.03"]
[SourceVersion "2"]
[SourceVersionDate "2009.09.16"]
[SourceQuality "1"]

1. e4 c5 2. Nf3 d6 3. d4 cxd4 4. Nxd4 Nf6 5. Nc3 a6 6. Be3 e6 7. f3 b5 8. g4 h6 9. Qd2 Nbd7 10. 0-0-0 Bb7 11. Bd3 b4 12. Nce2 d5 13. exd5 Nxd5 14. Nxe6 fxe6 15. Bg6+ Ke7 16. Nd4 Ne5 17. Qe1 Qc7 18. Bf2 Kd7 19. f4 Nxg6 20. Qxe6+ Kd8 21. Nc6+ Bxc6 22. Rxd5+ Bxd5 23. Qxd5+ Bd6 24. Qxa8+ Kd7 25. Qe4 Nxf4 26. Qf5+ Kc6 27. Qe4+ Kb5 28. Qf5+ Ka4 29. Kb1 Re8 30. b3+ Ka3 31. Bd4 Be5 32. Qxf4 1-0

[Event "RUS-chT Clubs U18"]
[Site "Rybinsk"]
[Date "2009.08.04"]
[Round "3"]
[White "Voit, Daria"]
[Black "Lepkasov, Vladislav"]
[Result "1-0"]
[WhiteElo "2285"]
[BlackElo "2037"]
[PlyCount "85"]
[EventDate "2009.08.02"]
[EventType "team-swiss"]
[EventRounds "9"]
[EventCountry "RUS"]
[SourceTitle "CBM 131 Extra"]
[Source "ChessBase"]
[SourceDate "2009.09.03"]
[SourceVersion "2"]
[SourceVersionDate "2009.09.16"]
[SourceQuality "1"]

1. d4 Nf6 2. c4 e5 3. d5 Bc5 4. e3 d6 5. Nc3 a5 6. g3 e4 7. Bg2 Bf5 8. f4 exf3 9. Nxf3 0-0 10. Nd4 Bg4 11. Qd2 Nbd7 12. 0-0 Ne5 13. b3 Qd7 14. Bb2 Rfe8 15. Rae1 Re7 16. a3 h6 17. Rxf6 gxf6 18. Rf1 Qe8 19. Rf4 Bh5 20. Ne4 Nd7 21. Nf5 Re5 22. Nxh6+ Kh7 23. Nf5 Bg6 24. Bxe5 Qxe5 25. Bh3 Rd8 26. a4 Nf8 27. Kg2 b6 28. g4 Kg8 29. Kf3 Nh7 30. Bg2 Ng5+ 31. Kg3 Bb4 32. Qe2 Nxe4+ 33. Bxe4 Qa1 34. Kg2 Re8 35. Ng3 Bc3 36. Rf1 Qa3 37. Bxg6 fxg6 38. Qd3 Qxb3 39. Qxg6+ Kf8 40. Rxf6+ Bxf6 41. Qxf6+ Kg8 42. Nf5 Qc2+ 43. Kg3 1-0

[Event "Izhevsk op"]
[Site "Izhevsk"]
[Date "2009.07.22"]
[Round "8"]
[White "Lepkasov, Vladislav"]
[Black "Alavkin, Arseny Nailievich"]
[Result "0-1"]
[WhiteElo "2037"]
[BlackElo "2439"]
[PlyCount "108"]
[EventDate "2009.07.15"]
[EventType "swiss"]
[EventRounds "9"]
[EventCountry "RUS"]
[SourceTitle "EXT 2010"]
[Source "ChessBase"]
[SourceDate "2010.11.25"]
[SourceVersion "1"]
[SourceVersionDate "2010.11.25"]
[SourceQuality "1"]

1. e4 c5 2. Nf3 e6 3. d4 cxd4 4. Nxd4 Nc6 5. Nc3 Qc7 6. Be2 Nf6 7. Be3 a6 8. 0-0 Bb4 9. Na4 0-0 10. Nxc6 bxc6 11. Nb6 Rb8 12. Nxc8 Qxc8 13. Ba7 Ra8 14. Bd4 Be7 15. e5 Nd5 16. c4 Nf4 17. Bf3 f6 18. Rc1 Qc7 19. Re1 Ng6 20. exf6 Bxf6 21. Be4 Bxd4 22. Qxd4 Nf4 23. c5 Rf6 24. Rc3 Raf8 25. Rg3 Qa5 26. Rge3 Nd5 27. Bxd5 cxd5 28. Rf1 Rf4 29. Qd3 Qxc5 30. Re2 a5 31. Qc2 Qd4 32. Qd2 Qb6 33. Re3 a4 34. b3 Rd4 35. Qc2 axb3 36. Rxb3 Rb4 37. Rfb1 Rxb3 38. axb3 Qd4 39. b4 Qc4 40. Qd2 Rb8 41. h3 d4 42. Rc1 Qd5 43. Rc5 Qd6 44. Qd3 g6 45. Qd2 d3 46. g3 Ra8 47. Kh2 Qd4 48. h4 e5 49. Rc1 Qd5 50. Rd1 Ra2 51. Qxd3 Rxf2+ 52. Kh3 Qg2+ 53. Kg4 Rf4+ 54. Kg5 Rf5+ 0-1

[Event "Izhevsk op"]
[Site "Izhevsk"]
[Date "2009.07.21"]
[Round "7"]
[White "Bronnikov, Konstantin Alexandr"]
[Black "Lepkasov, Vladislav"]
[Result "0-1"]
[WhiteElo "2249"]
[BlackElo "2037"]
[PlyCount "50"]
[EventDate "2009.07.15"]
[EventType "swiss"]
[EventRounds "9"]
[EventCountry "RUS"]
[SourceTitle "EXT 2010"]
[Source "ChessBase"]
[SourceDate "2010.11.25"]
[SourceVersion "1"]
[SourceVersionDate "2010.11.25"]
[SourceQuality "1"]

1. e4 c5 2. Nf3 d6 3. d4 cxd4 4. Nxd4 Nf6 5. Nc3 a6 6. h3 b5 7. Nd5 e5 8. Nxf6+ Qxf6 9. Ne2 Bb7 10. Nc3 Qg6 11. Be2 Nd7 12. Bf3 Nf6 13. Qd3 b4 14. Nb5 Kd7 15. 0-0 Bxe4 16. Qe2 Bxf3 17. Qxf3 Qe4 18. Qb3 axb5 19. Qxf7+ Be7 20. Bg5 Qd5 21. Qxg7 Rhg8 22. Qh6 Rg6 23. Qh4 Rag8 24. Rad1 Qc6 25. f4 exf4 0-1